LEADER 01623namaa2200385 i 4500 001 000000177494 003 CaOOAMICUS 005 20250113133310.0 007 tu 008 250113s2012 it 000 u ita r 020 $a978-88-308-1256-7* 040 $aPUL$bita$erda 082 0 $a128.092 100 1 $aMancini, Roberto,$d1958-,$eautore.$0(OLS)http://pul/name/26538 245 10$aEsistere nascendo : $bla filosofia maieutica di Marķa Zambrano /$cRoberto Mancini . 264 4$c©2012. 264 1$aAssisi :$bCittadella,$c[2012] 300 $a279 pagine ;$c20 cm 336 $atesto$btxt$2rdacontent 337 $asenza mediazione$bn$2rdamedia 338 $avolume$bnc$2rdacarrier 490 1 $aOrizzonte filosofico ;$v 504 $aBibliografia in nota a pič pagina. 600 14$aZambrano, Marķa,$d1904-1991$xPensiero filosofico e politico.$0(OLS)http://pul/subject/36645 650 4$aAntropologia filosofica$ySec. XX.$0(OLS)http://pul/subject/27463 830 0$aOrizzonte filosofico.$0(OLS)http://pul/title/78472 850 $aPUL 852 $aPUL$W1$xSL Filosofia 3$y81$m128 MANRO 2$j201449$qDDC 21$B206469$CPULBib$Z2$F206469 $H137604 $82 941 1 $a9 996 $6020$a978-88-308-1256-7*$9(OLS)http://pul/number/170164 996 $6082$a128.092$9(OLS)http://pul/classification/1771 996 $6245$aEsistere nascendo : $bla filosofia maieutica di Marķa Zambrano$9(OLS)http://pul/title/219023 996 $6264$aAssisi :$bCittadella$9(OLS)http://pul/publisher/49668 996 $6264$a[S.l.] :$b[s.n.]$9(OLS)http://pul/publisher/0 LEADER 01265nam a2200301 u 4500 001 000000042163 003 CaOOAMICUS 005 20070226114309.0 008 990223s1977 it u000 u ita u 035 $a10815061 040 $aPUL(R)$bita 041 1 $aita$hger 245 03$aIl ruolo sociale della religione :$bsaggi e conversazioni /$cDorothee Sölle [et al.] ; editoriale di Franco Demarchi ; traduzione dal tedesco di Gerardo Cunico. 260 $aBrescia :$bQueriniana,$c1977. 300 $a254 p. ;$c20 cm 490 1 $aGiornale di teologia ;$v100 650 4$aSociologia e religione.$0(OLS)http://pul/subject/15539 700 1 $aSölle, Dorothee.$0(OLS)http://pul/name/11119 700 1 $aDemarchi, Franco,$d1921-$0(OLS)http://pul/name/30980 700 1 $aCunico, Gerardo,$d1949-$0(OLS)http://pul/name/12893 830 0$aGiornale di teologia ;$v100.$0(OLS)http://pul/title/9027 850 $aPUL 852 $aPUL$W1$xSL Religione 3$y85$m200 GDT 1.100$j57041$nBK-PRI$qDDC 21$B57041$CPULBib$Z2$F57041 $82 941 1 $a9 961 $aINV: 44466 983 0$aGdT. 996 $6245$aIl ruolo sociale della religione :$bsaggi e conversazioni$9(OLS)http://pul/title/56873 996 $6260$aBrescia :$bQueriniana$9(OLS)http://pul/publisher/47906